000 00313nam a2200133Ia 4500
008 231129s1962||||xx |||||||||||||| ||spa||
040 _bspa
082 _a923.24 A447
100 _aAlmela y Vives Francisco
245 0 _aLucrecia Borja y su familia
260 _c1962
264 _aJuventud
942 _2ddc
_cBKS
999 _c20158
_d20158